STRUCTURAL & STRESS ANALYSIS THEORIES TUTORIALS AND EXAMPLES / (Record no. 593533)

000 -LEADER
fixed length control field 00371nam a22001457a 4500
020 ## - INTERNATIONAL STANDARD BOOK NUMBER
Qualifying information PB.
040 ## - CATALOGING SOURCE
Transcribing agency FIZZA ISHAQ
082 ## - DEWEY DECIMAL CLASSIFICATION NUMBER
Classification number 624.171
Author Mark JIA
100 ## - MAIN ENTRY--PERSONAL NAME
Personal name YE JIANQIAO.
9 (RLIN) 109895
245 ## - TITLE STATEMENT
Title STRUCTURAL & STRESS ANALYSIS THEORIES TUTORIALS AND EXAMPLES /
Statement of responsibility, etc. JIANQIAO YE.
250 ## - EDITION STATEMENT
Edition statement 2ND ED.
260 ## - PUBLICATION, DISTRIBUTION, ETC.
Name of publisher, distributor, etc. CRC PRESS,
Date of publication, distribution, etc. 2016.
300 ## - PHYSICAL DESCRIPTION
Extent 261 P. ;
942 ## - ADDED ENTRY ELEMENTS (KOHA)
Source of classification or shelving scheme
Koha item type Book
Holdings
Withdrawn status Lost status Source of classification or shelving scheme Damaged status Not for loan Permanent Location Current Location Date acquired Total Checkouts Full call number Barcode Date last seen Price effective from Koha item type
          NUST Baluchistan Campus (NBC) NUST Baluchistan Campus (NBC) 03/06/2023   624.171 JIA Q-6380 03/06/2023 03/06/2023 Book
© 2023 Central Library, National University of Sciences and Technology. All Rights Reserved.